| 000 | 00486nam a22001817a 4500 | ||
|---|---|---|---|
| 005 | 20210305113219.0 | ||
| 008 | 210303b xxu||||| |||| 00| 0 spa d | ||
| 041 | _aspa | ||
| 082 | _aTU 131 | ||
| 100 |
_aRamírez Luna, Carlos Diego _927680 |
||
| 245 | _aInforme de práctica supervisada realizada en Interjet | ||
| 260 | _c2019 | ||
| 300 | _a39 páginas | ||
| 650 |
_aCOSTA RICA _959875 |
||
| 650 |
_aAEROLINA INTERJET _959876 |
||
| 650 |
_aMANUAL DE PUESTOS _910161 |
||
| 942 | _cIP | ||
| 999 |
_c12947 _d12947 |
||